| 000 | 01054nam a2200289 a 4500 | ||
|---|---|---|---|
| 003 | BLK | ||
| 005 | 20250605145334.0 | ||
| 008 | 180411b bul|||||r ||||||| ||bul|| | ||
| 020 | _a9786191711710 | ||
| 040 | _aBLK | ||
| 041 |
_aBUL _cBUL |
||
| 080 |
_aБългарска литература _b821.163.2 _z821.163.2-94 |
||
| 080 |
_aКраезнание _b908 _z908(497.2-25) |
||
| 100 |
_aТопалов, Виктор Елинов _9489946 |
||
| 139 | _bТ 74 | ||
| 245 | 1 | 0 |
_aКварталът на писателите _bПътеводител на бохемска София _cВиктор Топалов ; предг. Румяна Пашалийска |
| 257 | _aBGR | ||
| 260 |
_aСофия _bOrange Books _c2024 _9218251 _n978-619-171- |
||
| 300 |
_a288 с. : с ил., портр. _c21 см |
||
| 380 | _aX | ||
| 700 | 1 |
_9107420 _aПашалийска, Румяна Мирчева |
|
| 852 |
_aЦб 325097 _bЦб |
||
| 856 | 4 | _qpdf | |
| 856 | 4 | _qpdf | |
| 942 |
_cKNG _n0 _022 |
||
| 944 |
_aED _k30531 _lЦветелина Шанова |
||
| 999 |
_c514877 _d514877 |
||